Barney says , " play safely " / (Record no. 9091)

MARC details
000 -LEADER
fixed length control field 01040nam a22003017a 4500
001 - CONTROL NUMBER
control field 9091
003 - CONTROL NUMBER IDENTIFIER
control field FISKH
005 - DATE AND TIME OF LATEST TRANSACTION
control field 20251119134431.0
008 - FIXED-LENGTH DATA ELEMENTS--GENERAL INFORMATION
fixed length control field 251119b cb ||||| |||| 00| 0 eng d
020 ## - INTERNATIONAL STANDARD BOOK NUMBER
International Standard Book Number 9788120731325
040 ## - CATALOGING SOURCE
Original cataloging agency FISKH
Language of cataloging eng
Transcribing agency FISKH
Modifying agency FISKH
050 ## - LIBRARY OF CONGRESS CALL NUMBER
Classification number PZ7.L32382 B
082 ## - DEWEY DECIMAL CLASSIFICATION NUMBER
Classification number 363.1
100 ## - MAIN ENTRY--PERSONAL NAME
Personal name Larsen, Margie
245 ## - TITLE STATEMENT
Title Barney says , " play safely " /
Statement of responsibility, etc. Written by Margie Larsen, M.Ed. and Mary Ann Dudko, Ph.D. : Illustrated by Bill Langley
260 ## - PUBLICATION, DISTRIBUTION, ETC.
Place of publication, distribution, etc. New Delhi :
Name of publisher, distributor, etc. Sterling Publishers ,
Date of publication, distribution, etc. 2006.
300 ## - PHYSICAL DESCRIPTION
Extent 20 unnumbered pages :
Other physical details color illustrations ;
Dimensions 22 X 22 cm .
505 ## - FORMATTED CONTENTS NOTE
Formatted contents note C <br/>
520 ## - SUMMARY, ETC.
Summary, etc. On a trip to the park, Barney teaches BJ how to safely ride a bicycle and use the playground equipment.
521 8# - TARGET AUDIENCE NOTE
Target audience note 90 <br/>
Source Lexile estimate <br/>
521 8# - TARGET AUDIENCE NOTE
Target audience note C <br/>
Source Raz-Plus <br/>
650 ## - SUBJECT ADDED ENTRY--TOPICAL TERM
Topical term or geographic name entry element Children
Form subdivision Children's Books
650 ## - SUBJECT ADDED ENTRY--TOPICAL TERM
Topical term or geographic name entry element Playground
Form subdivision Children's Books
650 ## - SUBJECT ADDED ENTRY--TOPICAL TERM
Topical term or geographic name entry element Safety
Form subdivision Children's Books
700 ## - ADDED ENTRY--PERSONAL NAME
Personal name Landley, Bill
Relator term Illustrator
942 ## - ADDED ENTRY ELEMENTS (KOHA)
Source of classification or shelving scheme Dewey Decimal Classification
Koha item type Books
Suppress in OPAC No
Holdings
Withdrawn status Lost status Source of classification or shelving scheme Damaged status Not for loan Collection Home library Current library Shelving location Date acquired Total Checkouts Full call number Barcode Date last seen Date last checked out Price effective from Koha item type
    Dewey Decimal Classification     Juvenile Fiction Footprints International School Library Network Toul Tom Poung Campus Footprints International School Library Network Toul Tom Poung Campus TTP Primary Green Bookshelves 11/19/2025 2 LAR 363.1 PZ7.L32382 B 2025-4819 01/16/2026 12/12/2025 11/19/2025 Books